Jakie jajka najczęściej kupuje się w sklepie? - Statystyki

Ogólne statystyki
  • Ten quiz został rozwiązany 7 razy
  • Średni wynik to 2 z 5
Statystyki odpowiedzi
Hint Odpowiedź % Poprawnych
5. Kurze
67%
3. Przepiórcze
50%
4. Ściółkowe
33%
2. Chowu klatkowego
0%
1. Z niespodzianką
0%
Nie znaleziono quizów pasujących do podanych kryteriów
Rozkład punktacji
Procent ludzi z każdym wynikiem
Percentyl według liczby udzielonych odpowiedzi
Twoja historia wyników
Nie rozwiązałeś tego quizu